Statistics for Crowd-Sourced General Knowledge #16

Click here to take the quiz!

General Stats

  • This quiz has been taken 26,184 times
  • The average score is 13 of 20

Answer Stats

QuestionAnswer% Correct
Who owns all the unmarked mute swans swimming in open waters in the U.K.?King Charles III
90%
What painting from the early 1500s is thought to feature Italian noblewoman Lisa Gherardini?The Mona Lisa
87%
Where did Yuri Gagarin go, in 1961, where no one had ever gone before?Space
83%
Who was the Greek goddess of wisdom?Athena
78%
Emperor, Rockhopper, Chinstrap, and Macaroni are all species of which type of bird?Penguin
78%
Where does a bellhop work?At a hotel
74%
Which country owns Madeira, an island off the northwest coast of Africa?Portugal
73%
What is the only type of mammal capable of true flight?Bat
70%
On what island did Jersey cows originate?Jersey
70%
Who did England play against in the world's first "international" football match in 1872?Scotland
69%
Which European country has a name which ends in K?Denmark
68%
Which is the smallest of Australia’s six states?Tasmania
61%
Proverbially, what favors the bold?Fortune
56%
What is the northernmost city in England, whose people are known as Geordies?Newcastle
49%
To which branch of the Indo-European language family do Welsh, Irish, and Breton belong?Celtic
48%
Cherilyn Sarkisian was born in 1946. What is she better known as today?Cher
47%
Name one of the skimpy clothing items which Mary Quant is credited for
inventing in the 1960s.
Miniskirt /
Hotpants
46%
What is either a group of owls or a group of legislators?Parliament
46%
For which film did Steven Spielberg win his first Best Director Oscar in 1994?Schindler’s List
42%
Whose first novel was "The Posthumous Papers of the Pickwick Club"?Charles Dickens
36%

Score Distribution

Percentile by Number Answered

Percent of People with Each Score

Your Score History

You have not taken this quiz